000 00519nam a22001937a 4500
003 MPLRDC
005 20220104194805.0
008 210129b ||||| |||| 00| 0 eng d
020 _a978-986-133-430-1
082 _a878.57 ZAF-2
100 _aCARLOS RUIZ ZAFON
245 _a天空的囚徒
_c范湲 译
250 _a初版四刷
260 _a台湾
_b圆神出版社有限公司
_c2012
300 _b
490 _a当代文学: 109
650 _a西班牙文学--长篇小说
942 _cBK
_o878.57 ZAF-2
999 _c65870
_d65860